Eurofondy pomáhajú skvalitniť služby v sociálnej oblasti

Banskobystrický samosprávny kraj v rokoch 2006 – 2009 investoval do organizácií vo svojej zriaďovateľskej působnosti viac ako 80 miliónov eur. Z týchto peňazí sa realizovali rekonštrukcie a nákup nových zariadení vo viacerých sociálnych zariadeniach, nemocniciach a vzdelávacích inštitúciách v BBSK....

Descrizione completa

Salvato in:
Dettagli Bibliografici
Autore principale: Palovičová, Barbora
Natura: Capitolo di libro
Lingua:slovacco
Soggetti:
Tags: Aggiungi Tag
Nessun Tag, puoi essere il primo ad aggiungerne!!

MARC

LEADER 00000nla$a2200000$$$4500
001 0108390
005 20240502072209.6
041 0 |a slo 
044 |a SK 
245 1 0 |a Eurofondy pomáhajú skvalitniť služby v sociálnej oblasti  |c Barbora Palovičová 
520 |a Banskobystrický samosprávny kraj v rokoch 2006 – 2009 investoval do organizácií vo svojej zriaďovateľskej působnosti viac ako 80 miliónov eur. Z týchto peňazí sa realizovali rekonštrukcie a nákup nových zariadení vo viacerých sociálnych zariadeniach, nemocniciach a vzdelávacích inštitúciách v BBSK. Cieľom príspevku je stručne popísať dosiahnuté výsledky realizáciou úspešných projektov v BBSK a poukázať na nové výzvy a možnosti čerpania financií z EÚ v prebiehajúcom programovom období. 
610 2 0 |a samospráva regionálna 
610 2 0 |a Slovensko 
610 2 0 |a financovanie 
610 2 0 |a fondy štruktúrne 
610 2 0 |a rozvoj sociálny 
100 1 |a Palovičová, Barbora